00592nam a2200181Ia 4500008004100000020001500041082001900056100001400075245005900089260005100148300000800199650003100207650001500238700001000253942001200263999001500275952012000290140316s9999 xx 000 0 und d a0074604686 a621.34bARO/NA aArora,B R aNatural source electro magnetic induction in the earth aNew DelhibNew Age International (p) ltdc1997 a250 aData processing techniques aManagement aNiwas 2ddccBK c5136d5136 00102ddc4070aKAUCLVbKAUCLVcGENERALd2014-03-18l0o621.34 ARO/NAp211908r2014-03-18 00:00:00w2014-03-18yBK